| 000 | 00751nam a22002177a 4500 | ||
|---|---|---|---|
| 999 |
_c9051 _d9051 |
||
| 003 | AR-CdUCM | ||
| 008 | 190327b ||||| |||| 00| 0 spa d | ||
| 040 |
_aMUNICIPALIDAD PROVINCIAL DEL CUSCO _cBIBLIOTECA MUNICIPAL DEL CUSCO |
||
| 082 |
_22ed. _a365.66 / _bG245 |
||
| 100 |
_aGarza Livas, Rafael _925014 |
||
| 245 | _aPsicología social / | ||
| 260 |
_aMexico : _bOasis, _c1970. |
||
| 300 |
_a414 páginas ; _c20 cm. |
||
| 440 |
_aNueva Biblioteca Pedagógica _n34 _925015 |
||
| 505 | _aPsicología social y su campo -- La interacción social -- El aprendizaje social -- Factores sociales... | ||
| 650 |
_aPsicología. _91538 |
||
| 650 |
_aPsicología social. _94539 |
||
| 650 |
_aInteracción social. _96882 |
||
| 942 |
_2ddc _cLIBROS |
||
| 945 | _awfj | ||